000 00683cam a2200217 i 4500
999 _c58267
_d58267
001 2740328
005 20211018123838.0
008 780825s20071973cau 000 0 eng
020 _a9788779897472
041 _aeng
080 _a299. 93 H-88
100 1 _aHubbard, L. Ron
_q
_d
_912506
245 1 0 _aHandbook for preclears /
_cby L. Ron Hubbard.
264 _aLos Angeles :
_bNew Era,
_c2007.
300 _a190 p. ;
_c24cm.
440 _aA Dianetics Publication
_912672
653 _aHandbook for preclears
653 _aსახელმძღვანელო წინაწესებისათვის
653 _aდიანეტიკა
942 _2udc
_cBK